Compumax (Record no. 26631)
[ view plain ]
| 000 -LEADER | |
|---|---|
| campo de control de longitud fija | 00588nmc a2200217 a 4500 |
| 003 - IDENTIFICADOR DE NÚMERO DE CONTROL | |
| campo de control | Co-PeBPM |
| 005 - FECHA Y HORA DE LA ÚLTIMA TRANSACCIÓN | |
| campo de control | 20240320144626.0 |
| 008 - DATOS DE LONGITUD FIJA--INFORMACIÓN GENERAL | |
| campo de control de longitud fija | 240320b ||||||||q||z| 00| 0 spa d |
| 040 ## - FUENTE DE CATALOGACIÓN | |
| Centro catalogador/agencia de origen | Co-PeBPM |
| Lengua de catalogación | spa |
| Centro/agencia transcriptor | Co-PeBPM |
| Normas de descripción | rda |
| 110 1# - ENTRADA PRINCIPAL--NOMBRE DE ENTIDAD CORPORATIVA | |
| Nombre de entidad corporativa o nombre de jurisdicción como elemento de entrada | Biblioteca Pública Ramón Correa Mejía |
| 245 10 - MENCIÓN DEL TÍTULO | |
| Título | Compumax |
| Resto del título | : blue |
| 300 ## - DESCRIPCIÓN FÍSICA | |
| Extensión | Recurso electrónico |
| 500 ## - NOTA GENERAL | |
| Nota general | Procesador Quad Core |
| 500 ## - NOTA GENERAL | |
| Nota general | Resolución 1280x800 IPS |
| 500 ## - NOTA GENERAL | |
| Nota general | Android 10 |
| 500 ## - NOTA GENERAL | |
| Nota general | Dual Cámara |
| 500 ## - NOTA GENERAL | |
| Nota general | Almacenamiento 64 GB |
| 650 ## - PUNTO DE ACCESO ADICIONAL DE MATERIA--TÉRMINO DE MATERIA | |
| Término de materia o nombre geográfico como elemento de entrada | Computación movil |
| 650 ## - PUNTO DE ACCESO ADICIONAL DE MATERIA--TÉRMINO DE MATERIA | |
| Término de materia o nombre geográfico como elemento de entrada | Tabletas |
| 942 ## - ELEMENTOS DE ENTRADA SECUNDARIOS (KOHA) | |
| Fuente del sistema de clasificación o colocación | Clasificación Decimal Dewey |
| Tipo de ítem Koha | Libro Digital |
| Suprimir en OPAC | No |
| Estatus retirado | Estado de pérdida | Fuente del sistema de clasificación o colocación | Estado de daño | No para préstamo | Biblioteca de origen | Biblioteca actual | Fecha de adquisición | Total de préstamos | Código de barras | Visto por última vez | Copia número | Precio de reemplazo | Tipo de ítem Koha |
|---|---|---|---|---|---|---|---|---|---|---|---|---|---|
| Clasificación Decimal Dewey | BIBLIOTECA PÚBLICA MUNICIPAL RAMON CORREA MEJIA | BIBLIOTECA PÚBLICA MUNICIPAL RAMON CORREA MEJIA | 20/03/2024 | 224010047169 | 20/03/2024 | Ej.1 | 20/03/2024 | Libro Digital | |||||
| Clasificación Decimal Dewey | BIBLIOTECA PÚBLICA MUNICIPAL RAMON CORREA MEJIA | BIBLIOTECA PÚBLICA MUNICIPAL RAMON CORREA MEJIA | 20/03/2024 | 224010047162 | 20/03/2024 | Ej.2 | 20/03/2024 | Libro Digital | |||||
| Clasificación Decimal Dewey | BIBLIOTECA PÚBLICA MUNICIPAL RAMON CORREA MEJIA | BIBLIOTECA PÚBLICA MUNICIPAL RAMON CORREA MEJIA | 20/03/2024 | 224010047168 | 20/03/2024 | Ej.3 | 20/03/2024 | Libro Digital | |||||
| Clasificación Decimal Dewey | BIBLIOTECA PÚBLICA MUNICIPAL RAMON CORREA MEJIA | BIBLIOTECA PÚBLICA MUNICIPAL RAMON CORREA MEJIA | 20/03/2024 | 224010047171 | 20/03/2024 | Ej.4 | 20/03/2024 | Libro Digital | |||||
| Clasificación Decimal Dewey | BIBLIOTECA PÚBLICA MUNICIPAL RAMON CORREA MEJIA | BIBLIOTECA PÚBLICA MUNICIPAL RAMON CORREA MEJIA | 20/03/2024 | 224010047170 | 20/03/2024 | Ej.5 | 20/03/2024 | Libro Digital | |||||
| Clasificación Decimal Dewey | BIBLIOTECA PÚBLICA MUNICIPAL RAMON CORREA MEJIA | BIBLIOTECA PÚBLICA MUNICIPAL RAMON CORREA MEJIA | 20/03/2024 | 224010047167 | 20/03/2024 | Ej.6 | 20/03/2024 | Libro Digital | |||||
| Clasificación Decimal Dewey | BIBLIOTECA PÚBLICA MUNICIPAL RAMON CORREA MEJIA | BIBLIOTECA PÚBLICA MUNICIPAL RAMON CORREA MEJIA | 20/03/2024 | 224010047166 | 20/03/2024 | Ej.7 | 20/03/2024 | Libro Digital |